| 000 | 00904nam a2200229 i 4500 | ||
|---|---|---|---|
| 001 | 180138 | ||
| 003 | ES-MaACL | ||
| 005 | 20251220171943.0 | ||
| 008 | 120423s1956 mx |||| | spa d | ||
| 080 | _a530.145 | ||
| 100 | 1 |
_aBroglie, Louis de. _9149861 |
|
| 245 | 1 | 3 |
_aEl problema de la interpretación causal y objetiva de la física cuántica / _cLouis de Broglie ; [traducción de Eli de Gortari]. |
| 260 |
_aMéxico : _bUniversidad Nacional de México, _c1956. |
||
| 300 |
_a18 p. ; _c22 cm. |
||
| 490 | 1 |
_aSeminario de Problemas Científicos y Filosóficos. Suplementos ; _v4 |
|
| 650 | 0 | 7 |
_aMecánica cuántica _2embne _914872 |
| 700 | 1 |
_aGortari, Eli de. _959231 |
|
| 710 | 2 |
_aUniversidad Nacional Autónoma de México. _97397 |
|
| 830 | 0 |
_aSeminario de Problemas Científicos y Filosóficos. Suplementos _v4 _9190619 |
|
| 852 |
_aES-MaACL _j2297-F-3 |
||
| 999 |
_c180138 _d180138 |
||